<?xml version="1.0" encoding="UTF-8"?>
<collection xmlns="http://www.loc.gov/MARC21/slim">
 <record>
  <leader>06288nam a22003617a 4500</leader>
  <controlfield tag="001">kal6168</controlfield>
  <controlfield tag="003">Gr-AtHEAL</controlfield>
  <controlfield tag="005">20160515183353.0</controlfield>
  <controlfield tag="008">160515b        gr ||||| |||| 00| 0 eng|c</controlfield>
  <datafield tag="020" ind1=" " ind2=" ">
   <subfield code="a">9789606034985</subfield>
  </datafield>
  <datafield tag="040" ind1=" " ind2=" ">
   <subfield code="a">GR-AtHEAL</subfield>
   <subfield code="b">gre</subfield>
   <subfield code="c">GR-AtHEAL</subfield>
  </datafield>
  <datafield tag="082" ind1="0" ind2="4">
   <subfield code="a">620.1</subfield>
   <subfield code="2">23</subfield>
  </datafield>
  <datafield tag="100" ind1="1" ind2=" ">
   <subfield code="a">Κουή, Μαρία.</subfield>
   <subfield code="8">2930</subfield>
  </datafield>
  <datafield tag="245" ind1="1" ind2="0">
   <subfield code="a">Μη καταστρεπτικές και φασματοσκοπικές μέθοδοι εξέτασης των υλικών</subfield>
   <subfield code="b">Θεωρία, τεχνικές και εφαρμογές</subfield>
   <subfield code="h">[Ηλεκτρονικός πόρος] </subfield>
   <subfield code="c">Κουή, Μαρία ;  Αβδελίδης, Νικόλαος ; Θεοδωρακέας, Παναγιώτης ;  Χειλάκου, Ελένη ;  Κριτικός αναγνώστης, Θεοφανίδης, Θεόφιλος.</subfield>
  </datafield>
  <datafield tag="260" ind1=" " ind2=" ">
   <subfield code="a">Αθήνα :</subfield>
   <subfield code="b">Σύνδεσμος Ελληνικών Ακαδημαϊκών Βιβλιοθηκών,</subfield>
   <subfield code="c">c2015.</subfield>
  </datafield>
  <datafield tag="490" ind1=" " ind2=" ">
   <subfield code="a">Ακαδημαϊκά Ηλεκτρονικά Συγγράμματα και Βοηθήματα Κάλλιπος</subfield>
   <subfield code="8">40</subfield>
  </datafield>
  <datafield tag="505" ind1=" " ind2=" ">
   <subfield code="a">1. Εισαγωγή στον Μη Καταστρεπτικό Έλεγχο 2. Θερμογραφία Υπερύθρου 3. Έλεγχος με υπερήχους 4. Έλεγχος με Γεωραντάρ 5. Φασματοσκοπία Διάχυτης Ανάκλασης στο υπεριώδες, ορατό και εγγύς υπέρυθρο φάσμα (UV-VIS-NIR) με οπτική ίνα 6. Φασματοσκοπία Φθορισμού Ακτίνων Χ 7. Φασματοσκοπία Υπερύθρου Μετασχηματισμού Fourier με Αποσβένουσα Ολική Ανάκλαση</subfield>
  </datafield>
  <datafield tag="520" ind1=" " ind2=" ">
   <subfield code="a">Τα τελευταία χρόνια, η εφαρμογή τεχνικών Μη Καταστρεπτικού Ελέγχου (ΜΚΕ) είναι ευρέως διαδεδομένη σε πολλούς τομείς των μηχανικών επιστημών. Κύριος παράγοντας για την διάδοση και την εδραίωση αυτών των τεχνικών, είναι το βασικό πλεονέκτημα τους να επιτρέπουν την εξέταση της φυσικής κατάστασης ενός αντικειμένου χωρίς να επηρεάζεται η μελλοντική χρησιμότητά του, καθορίζοντας έτσι την απουσία ή παρουσία συνθηκών που επιδρούν στην λειτουργικότητά του. Το περιεχόμενο του παρόντος βιβλίου αφορά στην παρουσίαση κάποιων από τις πιο ευρέως χρησιμοποιούμενες τεχνικές Μη Καταστρεπτικού Ελέγχου, παρέχοντας στον αναγνώστη μια εκτενή περιγραφή των βασικών αρχών λειτουργίας τους και μια αναλυτική παρουσίαση πρακτικών εφαρμογών τους, οδηγώντας έτσι στην καλύτερη κατανόηση του τρόπου εφαρμογής τους σε μη επεμβατικές επιθεωρήσεις υλικών και κατασκευών. Βάση της παραπάνω περιγραφής, μετά το πρώτο γενικό εισαγωγικό κεφάλαιο (Κεφάλαιο 1), στο οποίο ο αναγνώστης εισάγεται στην έννοια του Μη καταστρεπτικού Ελέγχου, στη συνέχεια ακολουθούν επτά κεφάλαια παρουσιάζοντας το θεωρητικό υπόβαθρο, την αρχή λειτουργίας, τις πειραματικές διατάξεις και πρακτικές εφαρμογές, των τεχνικών της Θερμογραφίας Υπερύθρου (Κεφάλαιο 2), της Υπερηχοσκόπησης (Κεφάλαιο 3), του Γεωραντάρ (Κεφάλαιο 4) και των φασματοσκοπικών μεθόδων της Φασματοσκοπίας Διάχυτης Ανάκλασης στο υπεριώδες, ορατό και κοντινό υπέρυθρο φάσμα (UV-VIS-ΝIR) με Οπτική Ίνα (FORS) (Κεφάλαιο 5), της Φασματοσκοπίας Φθορισμού Ακτίνων Χ (XRF) (Κεφάλαιο 6), της Φασματοσκοπίας Υπερύθρου Μετασχηματισμού Fourier με Αποσβένουσα Ολική Ανάκλαση (ATR-FTIR) (Κεφάλαιο 7) και Φασματοσκοπίας RAMAN (Κεφάλαιο 8). Η περιγραφή και ανάλυση των παραπάνω τεχνικών συνοδεύεται και με την παρουσίαση της πειραματικής εκτέλεσής τους σε αρχεία βίντεο, από τα οποία ο αναγνώστης μπορεί να σχηματίσει μια πλήρη εικόνα για τον τρόπο εφαρμογής τους και τη διαδικασία ανάκτησης πληροφοριών σε πραγματικό χρόνο.</subfield>
  </datafield>
  <datafield tag="650" ind1=" " ind2="0">
   <subfield code="a">Materials</subfield>
   <subfield code="8">2952</subfield>
  </datafield>
  <datafield tag="653" ind1=" " ind2=" ">
   <subfield code="a">Διαγνωστικές μέθοδοι μελέτης υλικών</subfield>
  </datafield>
  <datafield tag="653" ind1=" " ind2=" ">
   <subfield code="a">Επιστήμη υλικών</subfield>
  </datafield>
  <datafield tag="653" ind1=" " ind2=" ">
   <subfield code="a">Τεχνολογία και μηχανική υλικών</subfield>
  </datafield>
  <datafield tag="653" ind1=" " ind2=" ">
   <subfield code="a">Έλεγχος υλικών</subfield>
  </datafield>
  <datafield tag="653" ind1=" " ind2=" ">
   <subfield code="a">Φασματοσκοπικές μέθοδοι</subfield>
  </datafield>
  <datafield tag="700" ind1=" " ind2=" ">
   <subfield code="a">Αβδελίδης, Νικόλαος</subfield>
   <subfield code="e">Συγγραφέας</subfield>
   <subfield code="8">2931</subfield>
  </datafield>
  <datafield tag="700" ind1=" " ind2=" ">
   <subfield code="a">Θεοδωρακέας, Παναγιώτης</subfield>
   <subfield code="e">Συγγραφέας</subfield>
   <subfield code="8">2932</subfield>
  </datafield>
  <datafield tag="700" ind1=" " ind2=" ">
   <subfield code="a">Χειλάκου, Ελένη</subfield>
   <subfield code="e">Συγγραφέας</subfield>
   <subfield code="8">2933</subfield>
  </datafield>
  <datafield tag="700" ind1=" " ind2=" ">
   <subfield code="a">Θεοφανίδης, Θεόφιλος</subfield>
   <subfield code="e">Κριτικός αναγνώστης</subfield>
   <subfield code="8">2934</subfield>
  </datafield>
  <datafield tag="856" ind1=" " ind2=" ">
   <subfield code="u">http://hdl.handle.net/11419/6168</subfield>
   <subfield code="z">Πλήρες Κείμενο - Full text</subfield>
  </datafield>
  <datafield tag="907" ind1=" " ind2=" ">
   <subfield code="a">.b25681643</subfield>
   <subfield code="b">25-06-18</subfield>
   <subfield code="c">29-07-16</subfield>
  </datafield>
  <datafield tag="949" ind1=" " ind2=" ">
   <subfield code="0">0</subfield>
   <subfield code="1">0</subfield>
   <subfield code="2">ddc</subfield>
   <subfield code="4">0</subfield>
   <subfield code="6">620_100000000000000_ΚΟΥ</subfield>
   <subfield code="7">0</subfield>
   <subfield code="8">KALL</subfield>
   <subfield code="8">928</subfield>
   <subfield code="d">2016-05-15</subfield>
   <subfield code="r">2016-05-15</subfield>
   <subfield code="w">2016-05-15</subfield>
   <subfield code="z">620.1 ΚΟΥ</subfield>
   <subfield code="o">SEAB KALLIPOS</subfield>
  </datafield>
  <datafield tag="998" ind1=" " ind2=" ">
   <subfield code="a">80</subfield>
   <subfield code="a">01</subfield>
   <subfield code="a">02</subfield>
   <subfield code="a">03</subfield>
   <subfield code="a">04</subfield>
   <subfield code="a">05</subfield>
   <subfield code="a">06</subfield>
   <subfield code="a">07</subfield>
   <subfield code="a">08</subfield>
   <subfield code="a">09</subfield>
   <subfield code="a">10</subfield>
   <subfield code="a">11</subfield>
   <subfield code="a">12</subfield>
   <subfield code="a">13</subfield>
   <subfield code="a">14</subfield>
   <subfield code="a">15</subfield>
   <subfield code="a">16</subfield>
   <subfield code="a">17</subfield>
   <subfield code="a">18</subfield>
   <subfield code="a">19</subfield>
   <subfield code="a">20</subfield>
   <subfield code="a">21</subfield>
   <subfield code="a">22</subfield>
   <subfield code="a">23</subfield>
   <subfield code="a">24</subfield>
   <subfield code="a">25</subfield>
   <subfield code="a">26</subfield>
   <subfield code="b">29-05-17</subfield>
   <subfield code="c">m</subfield>
   <subfield code="d">z  </subfield>
   <subfield code="e">-</subfield>
   <subfield code="f">gre</subfield>
   <subfield code="g">gr </subfield>
   <subfield code="h">0</subfield>
  </datafield>
  <datafield tag="942" ind1=" " ind2=" ">
   <subfield code="2">ddc</subfield>
   <subfield code="c">KALLIPOS</subfield>
  </datafield>
 </record>
</collection>
